000 00653nas a2200229 4500
001 BR9210423
003 BR-BrBNA
005 20231205093356.0
007 ta
008 230509b bl.|||p| |||| 00| 00por d
040 _aBR-BrBNA
_bpor
_cBiblioteca Nacional de Agricultura
041 _a(Pt)
072 _aL02; Q55
100 1 _aAnon.
245 1 _aSais minerais: sua importancia na alimentacao animal
650 _aBOVINO
650 _aNUTRICAO ANIMAL
650 _aSAIS MINERAIS
773 0 _tRevista Nacional da Carne (Brazil)
_x
_g(Jan 1984), v. 8(85) p. 20-25
_wBR9210423
909 _a202311
_bLúcia
_c55
_dLúcia Elande
942 _2AGRIS
_n0
_cANA
999 _c137907
_d137907